000 00472nam a2200181Ia 4500
008 100917s9999 xx 000 0 und d
082 _b3711
100 _aजोशी रा. भा.
245 _aकाचेचे कवच
260 _b---
_c1949
300 _a123
365 _b2
520 _aकादंबरी
630 _aकाचेचे कवच
650 _aकादंबरी
730 _aकाचेचे कवच
942 _cBOOK
999 _c609105
_d609102